| 000 | 00809cab a2200241 4500 | ||
|---|---|---|---|
| 001 | WB3503-26 | ||
| 008 | 090401t1999 xxu||||| |||| 00| 0 eng d | ||
| 035 | _a(Sirsi) u90840 | ||
| 041 | _aeng | ||
| 245 | _aVenture aid for regions | ||
| 260 | _c1999 | ||
| 350 | _a0 | ||
| 490 |
_aFinancial Times _v21 January 1999, 15(1) |
||
| 520 | _aGovernment is working on proposals to provide up to £35m to support a series of regional venture capital funds over a three year period. The funding would be targeted at investments below £250,000. | ||
| 650 | _aCAPITAL INVESTMENT | ||
| 650 | _aFUNDING | ||
| 650 | _aREGIONAL DEVELOPMENT | ||
| 650 | _aREGIONAL VENTURE CAPITAL FUNDS | ||
| 650 | _aVENTURE CAPITAL | ||
| 690 | _aPROPERTY-PROPERTY FINANCE AND INVESTMENT | ||
| 942 | _n0 | ||
| 948 | _c21/01/1999 | ||
| 999 |
_c57623 _d57623 |
||